000 00194 a2200097 4500
001 42512
100 _aMacrory
245 _aLady sale
260 _aNew York
_bLongman
_c
090 _c26424
_d26424
942 _aNUST-CAE
_cM
_c18252
999 _c277585
_d277585